000 00910cam a2200289 i 4500
001 26894
003 BD-RjUL
005 20211209051101.0
008 140324s1976 enkabcf 001 0aeng
020 _a0297771825 :
035 _a(BD-RjUL)26965
040 _aDLC
_cDLC
_dDLC
_dBD-RjUL
_beng
041 _aeng
082 0 0 _a956.94050924
_bDAS 1976
100 1 _aDayan, Moshe,
_d1915-1981.
_982658
245 1 0 _aStory of my life /
_c[by] Moshe Dayan.
260 _aLondon :
_bWeidenfeld and Nicolson,
_cc1976.
300 _a[9], 656 p., [16] p. of plates :
_bill., maps, ports. ;
_c18 cm.
504 _aIncludes index.
600 1 0 _aDayan, Moshe,
_d1915-1981.
_982665
650 0 _aStatesmen
_zIsrael
_xBiography.
_982660
650 0 _aGenerals
_zIsrael
_xBiography.
_982661
651 0 _aIsrael
_xArmed Forces
_xBiography.
_982662
942 _2ddc
_cBK
999 _c26894
_d26894